Nicki Minaj Discography - Statistics

General Stats
  • This quiz has been taken 142 times
    85 since last reset
  • The average score is 6 of 12
Answer Stats
Year Name Type % Correct
2010 Pink Friday Album
97%
2018 Queen Album
92%
2014 The Pinkprint Album
91%
2012 Pink Friday: Roman Reloaded Album
71%
2009 Beam Me Up Scotty Mixtape
66%
2007 Playtime Is Over Mixtape
57%
2012 Pink Friday: Roman Reloaded - The Re-Up Reissued Album
56%
2008 Sucka Free Mixtape
51%
2022 Queen Radio: Volume 1 Compilation
47%
2009 We Are Young Money Compilation
8%
2013 Rich Gang Compilation
5%
2014 Rise of an Empire Compilation
5%
No matching quizzes found
Score Distribution
Percent of People with Each Score
Percentile by Number Answered
Your Score History
You have not taken this quiz since the last reset